| 000 | 00603nam a2200181 a 4500 | ||
|---|---|---|---|
| 001 | 000023385 | ||
| 005 | 20200930022200.0 | ||
| 008 | 101206s1976 mx 000 0 spa d | ||
| 040 |
_aDO-SdBNP _bspa _cBNPHU |
||
| 041 | 1 | 7 |
_aspa _heng |
| 082 |
_axxx _bxxxxx |
||
| 100 | 1 |
_aWalzer, Michael. _948169 |
|
| 240 | 1 | 0 |
_aObligations. _lEspañol |
| 245 | 1 | 0 |
_aObediencia y desobediencia civil en una democracia / _cMichael Walzer ; traducción Carlos Raúl Yujnovsky. |
| 260 |
_aMéxico : _bDimelis, _aBuenos Aires : _bEdisar, _c1976. |
||
| 300 |
_a211 p. ; _c20 cm. |
||
| 700 | 1 |
_aYujnovsky, Carlos Raúl, _etr. _98081 |
|
| 999 |
_c22882 _d22882 |
||